ATLAS ANGGOTA BADAN / (Record no. 177883)
[ view plain ]
| 000 -LEADER | |
|---|---|
| fixed length control field | 01670nam a2200481 ib4500 |
| 001 - CONTROL NUMBER | |
| control field | vtls000848506 |
| 003 - CONTROL NUMBER IDENTIFIER | |
| control field | PNM |
| 005 - DATE AND TIME OF LATEST TRANSACTION | |
| control field | 20200713151727.0 |
| 008 - FIXED-LENGTH DATA ELEMENTS--GENERAL INFORMATION | |
| fixed length control field | 180306t20182018my a j 000 0 may |
| 015 ## - NATIONAL BIBLIOGRAPHY NUMBER | |
| National bibliography number | M18-03042 |
| 020 ## - INTERNATIONAL STANDARD BOOK NUMBER | |
| International Standard Book Number | 9789670789934 |
| Qualifying information | paperback |
| Terms of availability | RM17.90 |
| 039 #9 - LEVEL OF BIBLIOGRAPHIC CONTROL AND CODING DETAIL [OBSOLETE] | |
| Level of rules in bibliographic description | 201812011231 |
| Level of effort used to assign nonsubject heading access points | irfah |
| Level of effort used to assign subject headings | 201811131614 |
| Level of effort used to assign classification | hazwani |
| Level of effort used to assign subject headings | 201808071349 |
| Level of effort used to assign classification | rosliza |
| Level of effort used to assign subject headings | 201804180928 |
| Level of effort used to assign classification | nor_afizah |
| 040 ## - CATALOGING SOURCE | |
| Original cataloging agency | BNM |
| Language of cataloging | eng |
| Transcribing agency | BNM |
| Modifying agency | PNM |
| -- | PPAK |
| Description conventions | rda |
| 049 ## - LOCAL HOLDINGS (OCLC) | |
| Holding library | klpmal |
| 082 04 - DEWEY DECIMAL CLASSIFICATION NUMBER | |
| Classification number | 612 |
| Edition number | 23 |
| 090 00 - LOCALLY ASSIGNED LC-TYPE CALL NUMBER (OCLC); LOCAL CALL NUMBER (RLIN) | |
| Classification number (OCLC) (R) ; Classification number, CALL (RLIN) (NR) | 612 |
| Feature heading | ATL |
| Feature heading | K |
| 245 00 - TITLE STATEMENT | |
| Title | ATLAS ANGGOTA BADAN / |
| Statement of responsibility, etc. | Suntingan oleh: Galia Lami Dozo - van der Kar ; Illustrasi oleh: Vivi et Gus ; Terjemahan oleh: Advantage Quest Sdn. Bhd. |
| 264 #1 - PRODUCTION, PUBLICATION, DISTRIBUTION, MANUFACTURE, AND COPYRIGHT NOTICE | |
| Place of production, publication, distribution, manufacture | [Petaling Jaya, Selangor] : |
| Name of producer, publisher, distributor, manufacturer | Advantage Quest Sdn. Bhd., |
| Date of production, publication, distribution, manufacture, or copyright notice | [2018?] |
| Date of production, publication, distribution, manufacture, or copyright notice | ©2018 |
| 300 ## - PHYSICAL DESCRIPTION | |
| Extent | 24 pages : |
| Other physical details | colour illustrations ; |
| Dimensions | 30 cm. |
| 336 ## - CONTENT TYPE | |
| Content type term | text |
| Source | rdacontent |
| Content type term | still image |
| Source | rdacontent |
| 337 ## - MEDIA TYPE | |
| Media type term | unmediated |
| Source | rdamedia |
| 338 ## - CARRIER TYPE | |
| Carrier type term | volume |
| Source | rdacarrier |
| 490 1# - SERIES STATEMENT | |
| Series statement | Atlas. |
| 650 10 - SUBJECT ADDED ENTRY--TOPICAL TERM | |
| Topical term or geographic name entry element | Human body |
| Form subdivision | Juvenile literature |
| Topical term or geographic name entry element | Human physiology |
| Form subdivision | Juvenile literature |
| 700 1# - ADDED ENTRY--PERSONAL NAME | |
| Personal name | Lami Dozo-van der Kar, Galia, |
| Relator term | editor. |
| Personal name | Vivi, |
| Relator term | illustrator. |
| Personal name | Gus, |
| Relator term | illustrator. |
| 710 2# - ADDED ENTRY--CORPORATE NAME | |
| Corporate name or jurisdiction name as entry element | Advantage Quest Sdn. Bhd., |
| Relator term | translator. |
| 830 #0 - SERIES ADDED ENTRY--UNIFORM TITLE | |
| Uniform title | Atlas. |
| 942 ## - ADDED ENTRY ELEMENTS (KOHA) | |
| Source of classification or shelving scheme | Dewey Decimal Classification |
| Koha item type | Book |
| 949 ## - LOCAL PROCESSING INFORMATION (OCLC) | |
| 6 | 2000616896 |
| a | 612 ATL f M |
| 6 | 2000616895 |
| a | 612 ATL f M |
| 6 | 2000616894 |
| a | 612 ATL f M |
| 6 | 2000098369 |
| a | 612 ATL f M |
| e | 2540737 |
| 6 | 2000098370 |
| a | 612 ATL f M |
| e | 2540738 |
| 6 | 1001304454 |
| e | 2540735 |
| 6 | 1001304455 |
| e | 2540736 |
| 6 | 1001304456 |
| e | 2540739 |
| 6 | 1001304457 |
| e | 2540740 |
| Withdrawn | Not for loan | Current library | Shelving location | Date acquired | Full call number | Barcode | Date last seen | Koha item type | Total Checkouts | Total Renewals | Date last checked out |
|---|---|---|---|---|---|---|---|---|---|---|---|
| Perpustakaan Alor Setar | Pinjaman Kanak-kanak | 13/07/2020 | K 612 ATL | A01645288 | 13/07/2020 | Book | |||||
| Perpustakaan Awam Sungai Petani | Pinjaman Kanak-kanak | 13/07/2020 | K 612 ATL | A01645289 | 14/06/2025 | Book | 3 | 2 | 04/06/2025 | ||
| Perpustakaan Jitra | Pinjaman Kanak-kanak | 13/07/2020 | K 612 ATL | A01645290 | 28/03/2021 | Book | 1 | 11/01/2021 | |||
| Perpustakaan Kulim | Pinjaman Kanak-kanak | 13/07/2020 | K 612 ATL | A01645291 | 13/06/2026 | Book | 10 | 06/06/2026 | |||
| Perpustakaan Langkawi | Pinjaman Kanak-kanak | 13/07/2020 | K 612 ATL | A01645292 | 13/07/2020 | Book |